| 000 | 00509nam a22001577a 4500 | ||
|---|---|---|---|
| 020 | _qHBK | ||
| 082 | _a510 | ||
| 100 | _aNaz, Shafaq | ||
| 245 |
_aNumerical Solutions of Boundary Layer Flows with Variable Fluid Properties _cShafaq Naz. |
||
| 260 |
_aIslamabad: _bSNS - NUST, _c2016. |
||
| 300 |
_a59 p. : ill. ; _c30cm. |
||
| 650 |
_aMathematics - MS Thesis. _916139 |
||
| 700 |
_aSupervised Dr. Muhammad Asif Farooq. _919783 |
||
| 942 |
_2ddc _cTHE |
||
| 999 |
_c528183 _d528183 |
||